[Event "World Prestigious University 2019"]
[Site "Tianjin"]
[Date "2019.11.28"]
[Round "9.10"]
[White "Green, Michael L"]
[Black "Grigory, Oparin"]
[Result "0-1"]
[WhiteElo "2073"]
[BlackElo "2660"]
[PlyCount "52"]
[EventDate "2019.11.26"]
[EventType "team-tourn"]
[EventCountry "CHN"]
[TimeControl "1500+10"]
[WhiteClock "0:13:04"]
[BlackClock "0:09:47"]

1. Nf3 {[%emt 0:00:00]} f5 {[%emt 0:00:00]} 2. d4 {[%emt 0:00:00]} Nf6 {[%emt 0:00:00]} 3. h3 {[%emt 0:00:00]} d6 {[%emt 0:00:16]} 4. g4 {[%emt 0:00:14]} fxg4 {[%emt 0:00:05]} 5. hxg4 {[%emt 0:00:01]} Bxg4 {[%emt 0:00:07]} 6. Qd3 {[%emt 0:00:02]} Qd7 {[%emt 0:01:57]} 7. e4 {[%emt 0:01:01]} Nc6 {[%emt 0:03:35]} 8. Ng5 {[%emt 0:00:03]} d5 {[%emt 0:02:04]} 9. e5 {[%emt 0:02:21]} Bf5 {[%emt 0:00:04]} 10. Qe3 {[%emt 0:01:20]} Ne4 {[%emt 0:02:36]} 11. e6 {[%emt 0:05:58]} Bxe6 {[%emt 0:00:25]} 12. Nxe6 {[%emt 0:00:03]} Qxe6 {[%emt 0:00:02]} 13. Bh3 {[%emt 0:00:20]} Qf6 {[%emt 0:01:08]} 14. c3 {[%emt 0:01:06]} e5 {[%emt 0:00:02]} 15. f3 {[%emt 0:01:23]} Qh4+ {[%emt 0:01:03]} 16. Kd1 {[%emt 0:02:34]} Nf2+ {[%emt 0:00:02]} 17. Kc2 {[%emt 0:00:02]} Nxh1 {[%emt 0:00:02]} 18. Be6 {[%emt 0:00:12]} exd4 {[%emt 0:00:37]} 19. Qe2 {[%emt 0:00:21]} Qf2 {[%emt 0:00:14]} 20. Qxf2 {[%emt 0:01:13]} Nxf2 {[%emt 0:00:03]} 21. Bf4 {[%emt 0:00:09]} Bd6 {[%emt 0:00:34]} 22. Bg5 {[%emt 0:00:02]} h6 {[%emt 0:00:43]} 23. Bh4 {[%emt 0:00:02]} d3+ {[%emt 0:00:02]} 24. Kc1 {[%emt 0:00:45]} Bf4+ {[%emt 0:00:21]} 25. Nd2 {[%emt 0:00:01]} Ne5 {[%emt 0:00:08]} 26. Bxd5 {[%emt 0:00:20]} c6 {[%emt 0:00:06]} 0-1

[Event "World Prestigious University 2019"]
[Site "Tianjin"]
[Date "2019.11.28"]
[Round "9.11"]
[White "Dmitry, Gordievskiy"]
[Black "Zhong, Wei"]
[Result "1-0"]
[WhiteElo "2590"]
[BlackElo "1804"]
[PlyCount "49"]
[EventDate "2019.11.26"]
[EventType "team-tourn"]
[EventCountry "CHN"]
[TimeControl "1500+10"]
[WhiteClock "0:00:26"]
[BlackClock "0:08:46"]

1. Nf3 {[%emt 0:00:00]} d5 {[%emt 0:00:29]} 2. e3 {[%emt 0:00:09]} Nf6 {[%emt 0:01:02]} 3. c4 {[%emt 0:00:02]} c6 {[%emt 0:00:10]} 4. Nc3 {[%emt 0:00:03]} e6 {[%emt 0:01:17]} 5. b3 {[%emt 0:00:06]} Nbd7 {[%emt 0:00:14]} 6. Bb2 {[%emt 0:00:03]} Bd6 {[%emt 0:01:31]} 7. Qc2 {[%emt 0:00:06]} O-O {[%emt 0:00:15]} 8. h3 {[%emt 0:00:18]} Re8 {[%emt 0:00:55]} 9. g4 {[%emt 0:00:22]} dxc4 {[%emt 0:02:06]} 10. bxc4 {[%emt 0:02:13]} e5 {[%emt 0:03:27]} 11. g5 {[%emt 0:00:59]} Nh5 {[%emt 0:00:38]} 12. Ne4 {[%emt 0:00:09]} Bf8 {[%emt 0:01:58]} 13. Be2 {[%emt 0:00:19]} f5 {[%emt 0:01:36]} 14. gxf6 {[%emt 0:00:37]} Nhxf6 {[%emt 0:00:17]} 15. Bd3 {[%emt 0:08:31]} g6 {[%emt 0:04:19]} 16. Rg1 {[%emt 0:00:30]} Nh5 {[%emt 0:03:00]} 17. Neg5 {[%emt 0:01:07]} Ndf6 {[%emt 0:03:25]} 18. Nxe5 {[%emt 0:00:31]} Rxe5 {[%emt 0:00:57]} 19. Bxe5 {[%emt 0:00:06]} Bg7 {[%emt 0:00:15]} 20. Nxh7 {[%emt 0:04:02]} Nxh7 {[%emt 0:00:04]} 21. Bxg6 {[%emt 0:00:02]} N5f6 {[%emt 0:00:18]} 22. Bxh7+ {[%emt 0:00:04]} Kf8 {[%emt 0:00:14]} 23. Rxg7 {[%emt 0:00:01]} Kxg7 {[%emt 0:00:01]} 24. Qg6+ {[%emt 0:00:02]} Kf8 {[%emt 0:00:06]} 25. Bxf6 {[%emt 0:00:02]} 1-0

[Event "World Prestigious University 2019"]
[Site "Tianjin"]
[Date "2019.11.28"]
[Round "9.12"]
[White "Serbanescu, Diana-Maria"]
[Black "Wang, Nancy"]
[Result "1-0"]
[WhiteElo "1990"]
[BlackElo "1823"]
[PlyCount "147"]
[EventDate "2019.11.26"]
[EventType "team-tourn"]
[EventCountry "CHN"]
[TimeControl "1500+10"]
[WhiteClock "0:01:43"]
[BlackClock "0:01:23"]

1. e4 {[%emt 0:00:00]} c5 {[%emt 0:00:00]} 2. c3 {[%emt 0:00:00]} g6 {[%emt 0:00:00]} 3. g3 {[%emt 0:00:51]} Bg7 {[%emt 0:00:22]} 4. Bg2 {[%emt 0:00:02]} Nc6 {[%emt 0:00:26]} 5. d3 {[%emt 0:00:07]} d6 {[%emt 0:00:28]} 6. Ne2 {[%emt 0:00:10]} e5 {[%emt 0:01:09]} 7. O-O {[%emt 0:00:09]} Nge7 {[%emt 0:00:03]} 8. Be3 {[%emt 0:00:25]} O-O {[%emt 0:01:20]} 9. Qd2 {[%emt 0:01:03]} b5 {[%emt 0:04:52]} 10. Na3 {[%emt 0:00:34]} Rb8 {[%emt 0:00:18]} 11. b4 {[%emt 0:00:54]} cxb4 {[%emt 0:01:06]} 12. cxb4 {[%emt 0:00:01]} Nd4 {[%emt 0:04:48]} 13. Nxd4 {[%emt 0:01:02]} exd4 {[%emt 0:00:02]} 14. Bh6 {[%emt 0:01:47]} Be6 {[%emt 0:00:51]} 15. Bxg7 {[%emt 0:03:14]} Kxg7 {[%emt 0:00:03]} 16. Nc2 {[%emt 0:00:15]} Qb6 {[%emt 0:00:23]} 17. f4 {[%emt 0:00:31]} f5 {[%emt 0:02:42]} 18. Qf2 {[%emt 0:01:06]} fxe4 {[%emt 0:01:48]} 19. Qxd4+ {[%emt 0:02:47]} Kg8 {[%emt 0:01:43]} 20. Qxb6 {[%emt 0:01:08]} Rxb6 {[%emt 0:00:03]} 21. dxe4 {[%emt 0:00:02]} Rc8 {[%emt 0:00:43]} 22. Nd4 {[%emt 0:00:18]} Bc4 {[%emt 0:00:16]} 23. Rfd1 {[%emt 0:00:18]} Kf7 {[%emt 0:00:42]} 24. Rd2 {[%emt 0:01:13]} Ra6 {[%emt 0:00:16]} 25. a3 {[%emt 0:00:46]} Rd8 {[%emt 0:00:19]} 26. Kf2 {[%emt 0:01:00]} Nc6 {[%emt 0:01:35]} 27. Nxc6 {[%emt 0:02:49]} Rxc6 {[%emt 0:00:02]} 28. e5 {[%emt 0:00:07]} d5 {[%emt 0:00:16]} 29. Rad1 {[%emt 0:00:39]} Ke6 {[%emt 0:00:09]} 30. Bh3+ {[%emt 0:01:09]} Ke7 {[%emt 0:00:03]} 31. Bg2 {[%emt 0:01:05]} Ke6 {[%emt 0:00:02]} 32. Ke3 {[%emt 0:00:15]} Ra6 {[%emt 0:00:29]} 33. Ra1 {[%emt 0:00:04]} h6 {[%emt 0:00:25]} 34. Kd4 {[%emt 0:00:29]} Ke7 {[%emt 0:00:34]} 35. g4 {[%emt 0:00:43]} Rf8 {[%emt 0:00:56]} 36. Ke3 {[%emt 0:00:02]} Ke6 {[%emt 0:00:10]} 37. h4 {[%emt 0:01:49]} Rg8 {[%emt 0:00:39]} 38. Kd4 {[%emt 0:00:14]} Rg7 {[%emt 0:00:19]} 39. Bh3 {[%emt 0:00:23]} Ke7 {[%emt 0:00:43]} 40. Rg2 {[%emt 0:00:14]} g5 {[%emt 0:00:20]} 41. f5 {[%emt 0:00:18]} Rg8 {[%emt 0:00:12]} 42. h5 {[%emt 0:00:42]} Rc8 {[%emt 0:00:10]} 43. Rd2 {[%emt 0:00:16]} Rac6 {[%emt 0:00:10]} 44. Rc1 {[%emt 0:00:50]} a5 {[%emt 0:00:11]} 45. Bg2 {[%emt 0:00:05]} axb4 {[%emt 0:00:02]} 46. axb4 {[%emt 0:00:01]} Rd8 {[%emt 0:00:08]} 47. Ra1 {[%emt 0:00:12]} Bb3 {[%emt 0:00:06]} 48. Bf1 {[%emt 0:00:12]} Ba4 {[%emt 0:00:01]} 49. Be2 {[%emt 0:00:12]} Rd7 {[%emt 0:00:08]} 50. Rxa4 {[%emt 0:00:21]} bxa4 {[%emt 0:00:03]} 51. Bb5 {[%emt 0:00:01]} Rb6 {[%emt 0:00:39]} 52. Bxd7 {[%emt 0:00:05]} Kxd7 {[%emt 0:00:01]} 53. Kc5 {[%emt 0:00:02]} Rc6+ {[%emt 0:00:04]} 54. Kb5 {[%emt 0:00:05]} Rc8 {[%emt 0:00:18]} 55. Rxd5+ {[%emt 0:00:04]} Ke7 {[%emt 0:00:01]} 56. Kxa4 {[%emt 0:00:37]} Rc4 {[%emt 0:00:02]} 57. Kb5 {[%emt 0:00:10]} Rxg4 {[%emt 0:00:02]} 58. Kc5 {[%emt 0:00:22]} Rg1 {[%emt 0:00:13]} 59. b5 {[%emt 0:00:08]} Rc1+ {[%emt 0:00:03]} 60. Kb6 {[%emt 0:00:01]} g4 {[%emt 0:00:08]} 61. Rd4 {[%emt 0:00:12]} Rf1 {[%emt 0:00:18]} 62. Kc7 {[%emt 0:00:19]} Rc1+ {[%emt 0:00:06]} 63. Kb6 {[%emt 0:00:02]} Rf1 {[%emt 0:00:02]} 64. Kc6 {[%emt 0:00:01]} Rc1+ {[%emt 0:00:05]} 65. Kd5 {[%emt 0:00:01]} Rb1 {[%emt 0:00:04]} 66. f6+ {[%emt 0:00:09]} Kf7 {[%emt 0:00:06]} 67. Rxg4 {[%emt 0:00:03]} Rxb5+ {[%emt 0:00:02]} 68. Kd6 {[%emt 0:00:01]} Rb6+ {[%emt 0:00:05]} 69. Kc5 {[%emt 0:00:13]} Re6 {[%emt 0:00:09]} 70. Rg7+ {[%emt 0:00:11]} Kf8 {[%emt 0:00:00]} 71. Kd5 {[%emt 0:00:04]} Ra6 {[%emt 0:00:08]} 72. Rh7 {[%emt 0:00:07]} Ra5+ {[%emt 0:00:13]} 73. Ke6 {[%emt 0:00:03]} Ra6+ {[%emt 0:00:02]} 74. Kf5 {[%emt 0:00:02]} 1-0

[Event "World Prestigious University 2019"]
[Site "Tianjin"]
[Date "2019.11.28"]
[Round "9.13"]
[White "Wang, Yue"]
[Black "Daniel, Karim Abbas"]
[Result "1-0"]
[WhiteElo "2674"]
[BlackElo "2251"]
[PlyCount "111"]
[EventDate "2019.11.26"]
[EventType "team-tourn"]
[EventCountry "CHN"]
[TimeControl "1500+10"]
[WhiteClock "0:00:32"]
[BlackClock "0:00:57"]

1. e4 {[%emt 0:00:00]} c5 {[%emt 0:00:00]} 2. Nf3 {[%emt 0:00:00]} e6 {[%emt 0:00:00]} 3. d4 {[%emt 0:00:01]} cxd4 {[%emt 0:00:00]} 4. Nxd4 {[%emt 0:00:02]} Nc6 {[%emt 0:00:00]} 5. Nc3 {[%emt 0:00:05]} Qc7 {[%emt 0:00:00]} 6. Be3 {[%emt 0:00:06]} a6 {[%emt 0:00:00]} 7. Qf3 {[%emt 0:00:15]} Ne5 {[%emt 0:00:28]} 8. Qg3 {[%emt 0:00:13]} Nf6 {[%emt 0:00:36]} 9. O-O-O {[%emt 0:00:43]} h5 {[%emt 0:00:34]} 10. Nf3 {[%emt 0:02:56]} d6 {[%emt 0:01:01]} 11. Nxe5 {[%emt 0:00:02]} dxe5 {[%emt 0:00:01]} 12. f3 {[%emt 0:00:02]} h4 {[%emt 0:00:59]} 13. Qf2 {[%emt 0:00:12]} Nd7 {[%emt 0:00:02]} 14. Be2 {[%emt 0:02:27]} Bc5 {[%emt 0:01:51]} 15. Kb1 {[%emt 0:01:15]} Bxe3 {[%emt 0:00:10]} 16. Qxe3 {[%emt 0:00:02]} Nb6 {[%emt 0:02:32]} 17. Rd2 {[%emt 0:00:36]} Bd7 {[%emt 0:00:05]} 18. Qg5 {[%emt 0:00:05]} Kf8 {[%emt 0:00:50]} 19. Rhd1 {[%emt 0:00:13]} f6 {[%emt 0:01:47]} 20. Qe3 {[%emt 0:00:14]} Kf7 {[%emt 0:00:46]} 21. b3 {[%emt 0:02:43]} Rhd8 {[%emt 0:01:07]} 22. a4 {[%emt 0:00:22]} Bc6 {[%emt 0:00:38]} 23. Na2 {[%emt 0:00:48]} Be8 {[%emt 0:03:23]} 24. g3 {[%emt 0:02:17]} hxg3 {[%emt 0:00:31]} 25. hxg3 {[%emt 0:00:02]} Rxd2 {[%emt 0:00:14]} 26. Qxd2 {[%emt 0:00:05]} Rc8 {[%emt 0:00:31]} 27. a5 {[%emt 0:02:51]} Nd7 {[%emt 0:00:41]} 28. Bc4 {[%emt 0:00:02]} Nf8 {[%emt 0:00:32]} 29. Qb4 {[%emt 0:01:11]} Bb5 {[%emt 0:00:57]} 30. Rd3 {[%emt 0:00:24]} Bxc4 {[%emt 0:02:31]} 31. Rc3 {[%emt 0:00:03]} Qd7 {[%emt 0:00:20]} 32. Rxc4 {[%emt 0:00:17]} Rxc4 {[%emt 0:00:05]} 33. Qxc4 {[%emt 0:00:08]} Qd1+ {[%emt 0:00:23]} 34. Kb2 {[%emt 0:00:35]} Qd4+ {[%emt 0:00:08]} 35. Qc3 {[%emt 0:03:00]} Ke7 {[%emt 0:01:56]} 36. Ka3 {[%emt 0:00:37]} Kd6 {[%emt 0:00:46]} 37. Qe1 {[%emt 0:02:09]} Nd7 {[%emt 0:00:34]} 38. Nb4 {[%emt 0:01:30]} Qc5 {[%emt 0:00:48]} 39. Kb2 {[%emt 0:00:11]} Qxa5 {[%emt 0:00:24]} 40. Qd2+ {[%emt 0:00:16]} Kc5 {[%emt 0:00:48]} 41. Nxa6+ {[%emt 0:00:32]} Kb6 {[%emt 0:00:13]} 42. Qxd7 {[%emt 0:00:29]} Kxa6 {[%emt 0:00:12]} 43. Qxe6+ {[%emt 0:00:18]} Ka7 {[%emt 0:00:01]} 44. Qd7 {[%emt 0:00:22]} Qc5 {[%emt 0:00:14]} 45. g4 {[%emt 0:00:18]} Qe3 {[%emt 0:00:41]} 46. Qd3 {[%emt 0:01:03]} Qf2 {[%emt 0:00:17]} 47. b4 {[%emt 0:00:08]} Qe1 {[%emt 0:00:52]} 48. Kb3 {[%emt 0:00:07]} Qb1+ {[%emt 0:00:10]} 49. Kc4 {[%emt 0:00:02]} Qa2+ {[%emt 0:00:30]} 50. Qb3 {[%emt 0:00:40]} Qa1 {[%emt 0:00:17]} 51. Kd5 {[%emt 0:00:08]} b5 {[%emt 0:00:40]} 52. Ke6 {[%emt 0:00:05]} Qa6+ {[%emt 0:00:05]} 53. Kf7 {[%emt 0:00:02]} Qb7+ {[%emt 0:00:03]} 54. Kg6 {[%emt 0:00:02]} Kb6 {[%emt 0:00:21]} 55. Qe6+ {[%emt 0:00:04]} Ka7 {[%emt 0:00:03]} 56. Qf7 {[%emt 0:00:03]} 1-0

[Event "World Prestigious University 2019"]
[Site "Tianjin"]
[Date "2019.11.28"]
[Round "9.14"]
[White "Mihov, Filip"]
[Black "Li, Yankai"]
[Result "0-1"]
[WhiteElo "2191"]
[BlackElo "2432"]
[PlyCount "74"]
[EventDate "2019.11.26"]
[EventType "team-tourn"]
[EventCountry "CHN"]
[TimeControl "1500+10"]
[WhiteClock "0:10:19"]
[BlackClock "0:00:18"]

1. c4 {[%emt 0:00:00]} c5 {[%emt 0:00:00]} 2. g3 {[%emt 0:00:00]} Nc6 {[%emt 0:00:00]} 3. Bg2 {[%emt 0:00:01]} g6 {[%emt 0:00:00]} 4. Nc3 {[%emt 0:00:02]} Bg7 {[%emt 0:00:00]} 5. a3 {[%emt 0:00:02]} d6 {[%emt 0:00:23]} 6. Rb1 {[%emt 0:00:07]} a5 {[%emt 0:00:02]} 7. d3 {[%emt 0:00:24]} e5 {[%emt 0:00:02]} 8. e3 {[%emt 0:00:04]} Nge7 {[%emt 0:00:02]} 9. Nge2 {[%emt 0:00:03]} O-O {[%emt 0:00:02]} 10. O-O {[%emt 0:00:05]} Be6 {[%emt 0:00:02]} 11. Nd5 {[%emt 0:00:14]} Rb8 {[%emt 0:00:13]} 12. Bd2 {[%emt 0:00:37]} Qd7 {[%emt 0:01:01]} 13. b4 {[%emt 0:02:12]} axb4 {[%emt 0:00:04]} 14. axb4 {[%emt 0:00:01]} cxb4 {[%emt 0:01:40]} 15. Nxb4 {[%emt 0:01:09]} d5 {[%emt 0:00:02]} 16. cxd5 {[%emt 0:01:44]} Nxd5 {[%emt 0:00:08]} 17. Nxc6 {[%emt 0:00:28]} Qxc6 {[%emt 0:01:11]} 18. Rb2 {[%emt 0:03:56]} Qd7 {[%emt 0:01:27]} 19. Qb1 {[%emt 0:00:11]} b5 {[%emt 0:00:40]} 20. Nc3 {[%emt 0:01:30]} e4 {[%emt 0:02:59]} 21. d4 {[%emt 0:01:49]} Nxc3 {[%emt 0:00:10]} 22. Bxc3 {[%emt 0:00:01]} Bc4 {[%emt 0:00:02]} 23. Rc1 {[%emt 0:03:57]} Bd3 {[%emt 0:00:01]} 24. Qa2 {[%emt 0:06:24]} Rfc8 {[%emt 0:00:05]} 25. Qb3 {[%emt 0:00:59]} Bf8 {[%emt 0:05:15]} 26. Bf1 {[%emt 0:01:51]} b4 {[%emt 0:02:20]} 27. Bd2 {[%emt 0:00:00]} Rxc1 {[%emt 0:00:01]} 28. Bxc1 {[%emt 0:00:01]} Bxf1 {[%emt 0:00:02]} 29. Kxf1 {[%emt 0:00:02]} Ra8 {[%emt 0:00:01]} 30. Rb1 {[%emt 0:00:22]} Qb5+ {[%emt 0:01:02]} 31. Kg2 {[%emt 0:00:03]} Qe2 {[%emt 0:00:40]} 32. Bb2 {[%emt 0:00:52]} Rc8 {[%emt 0:01:05]} 33. Rc1 {[%emt 0:00:07]} Rxc1 {[%emt 0:00:02]} 34. Bxc1 {[%emt 0:00:01]} Qd3 {[%emt 0:00:01]} 35. Qxd3 {[%emt 0:00:52]} exd3 {[%emt 0:00:01]} 36. e4 {[%emt 0:00:34]} b3 {[%emt 0:00:03]} 37. Kf3 {[%emt 0:00:07]} d2 {[%emt 0:00:02]} 0-1

[Event "World Prestigious University 2019"]
[Site "Tianjin"]
[Date "2019.11.28"]
[Round "9.16"]
[White "Bibby, Simon"]
[Black "Li, Ethan"]
[Result "0-1"]
[WhiteElo "2167"]
[BlackElo "2209"]
[PlyCount "101"]
[EventDate "2019.11.26"]
[EventType "team-tourn"]
[EventCountry "CHN"]
[TimeControl "1500+10"]
[WhiteClock "0:01:47"]
[BlackClock "0:00:31"]

1. e4 {[%emt 0:00:00]} c5 {[%emt 0:00:00]} 2. Nf3 {[%emt 0:00:00]} d6 {[%emt 0:00:00]} 3. Bb5+ {[%emt 0:00:00]} Bd7 {[%emt 0:00:00]} 4. Bxd7+ {[%emt 0:00:00]} Qxd7 {[%emt 0:00:00]} 5. O-O {[%emt 0:00:00]} Nf6 {[%emt 0:00:00]} 6. Re1 {[%emt 0:00:00]} Nc6 {[%emt 0:00:14]} 7. c3 {[%emt 0:00:00]} e6 {[%emt 0:00:02]} 8. d4 {[%emt 0:00:00]} cxd4 {[%emt 0:00:01]} 9. cxd4 {[%emt 0:00:00]} d5 {[%emt 0:00:01]} 10. e5 {[%emt 0:00:00]} Ne4 {[%emt 0:00:02]} 11. a3 {[%emt 0:00:01]} Be7 {[%emt 0:00:33]} 12. Nbd2 {[%emt 0:00:05]} Nxd2 {[%emt 0:00:23]} 13. Bxd2 {[%emt 0:00:02]} b5 {[%emt 0:00:20]} 14. Rc1 {[%emt 0:00:25]} O-O {[%emt 0:01:13]} 15. Rc3 {[%emt 0:01:16]} b4 {[%emt 0:00:43]} 16. Rd3 {[%emt 0:00:54]} bxa3 {[%emt 0:00:58]} 17. bxa3 {[%emt 0:00:01]} Rfc8 {[%emt 0:02:46]} 18. Ng5 {[%emt 0:00:48]} h6 {[%emt 0:00:25]} 19. Nxf7 {[%emt 0:00:50]} Kxf7 {[%emt 0:00:27]} 20. Qh5+ {[%emt 0:07:34]} g6 {[%emt 0:00:12]} 21. Qxh6 {[%emt 0:01:29]} Qb7 {[%emt 0:00:01]} 22. Rf3+ {[%emt 0:06:15]} Ke8 {[%emt 0:00:02]} 23. Qxg6+ {[%emt 0:00:38]} Kd7 {[%emt 0:00:03]} 24. Rf7 {[%emt 0:00:48]} Rg8 {[%emt 0:02:20]} 25. Qd3 {[%emt 0:01:01]} Rab8 {[%emt 0:03:17]} 26. Rc1 {[%emt 0:02:35]} Qb3 {[%emt 0:00:33]} 27. Qh7 {[%emt 0:02:43]} Rh8 {[%emt 0:01:18]} 28. Qg6 {[%emt 0:00:07]} Rbg8 {[%emt 0:02:03]} 29. Rg7 {[%emt 0:00:02]} Rxg7 {[%emt 0:02:54]} 30. Qxg7 {[%emt 0:00:01]} Nxd4 {[%emt 0:00:27]} 31. Kh1 {[%emt 0:00:54]} Rc8 {[%emt 0:01:25]} 32. Re1 {[%emt 0:00:20]} Rc2 {[%emt 0:02:13]} 33. Bb4 {[%emt 0:00:15]} Nf5 {[%emt 0:00:05]} 34. Qh7 {[%emt 0:00:17]} Rxf2 {[%emt 0:00:24]} 35. Bxe7 {[%emt 0:00:54]} Nxe7 {[%emt 0:00:02]} 36. Rb1 {[%emt 0:00:05]} Rb2 {[%emt 0:01:37]} 37. Rc1 {[%emt 0:00:12]} Qxa3 {[%emt 0:00:27]} 38. h4 {[%emt 0:00:07]} Rxg2 {[%emt 0:00:12]} 39. Rc7+ {[%emt 0:00:27]} Kxc7 {[%emt 0:00:02]} 40. Kxg2 {[%emt 0:00:01]} Kd7 {[%emt 0:00:32]} 41. h5 {[%emt 0:00:13]} Qb2+ {[%emt 0:00:02]} 42. Kg1 {[%emt 0:00:08]} Qc1+ {[%emt 0:00:16]} 43. Kg2 {[%emt 0:00:02]} Qg5+ {[%emt 0:00:03]} 44. Kh2 {[%emt 0:00:10]} Qxe5+ {[%emt 0:00:03]} 45. Kg1 {[%emt 0:00:02]} Qg3+ {[%emt 0:00:45]} 46. Kf1 {[%emt 0:00:13]} d4 {[%emt 0:00:55]} 47. h6 {[%emt 0:00:23]} d3 {[%emt 0:00:04]} 48. Qh8 {[%emt 0:00:10]} Qf3+ {[%emt 0:00:42]} 49. Kg1 {[%emt 0:00:01]} Qg4+ {[%emt 0:00:14]} 50. Kh2 {[%emt 0:00:27]} d2 {[%emt 0:00:12]} 51. Qc3 {[%emt 0:00:03]} 0-1

[Event "World Prestigious University 2019"]
[Site "Tianjin"]
[Date "2019.11.29"]
[Round "10.1"]
[White "TannerAustin, McNamara"]
[Black "Li, Ethan"]
[Result "1-0"]
[WhiteElo "1983"]
[BlackElo "2209"]
[PlyCount "71"]
[EventDate "2019.11.26"]
[EventType "team-tourn"]
[EventCountry "CHN"]
[TimeControl "1500+10"]
[WhiteClock "0:08:37"]
[BlackClock "0:03:11"]

1. d4 {[%emt 0:00:00]} d5 {[%emt 0:00:00]} 2. c4 {[%emt 0:00:05]} c6 {[%emt 0:00:00]} 3. Nf3 {[%emt 0:00:07]} Nf6 {[%emt 0:00:00]} 4. Nc3 {[%emt 0:00:02]} e6 {[%emt 0:00:00]} 5. cxd5 {[%emt 0:01:15]} cxd5 {[%emt 0:00:14]} 6. Bf4 {[%emt 0:00:32]} Nc6 {[%emt 0:01:42]} 7. e3 {[%emt 0:00:06]} Nh5 {[%emt 0:00:35]} 8. Bg3 {[%emt 0:00:05]} Nxg3 {[%emt 0:00:11]} 9. hxg3 {[%emt 0:00:03]} a6 {[%emt 0:01:09]} 10. Rc1 {[%emt 0:01:36]} b5 {[%emt 0:02:48]} 11. Bd3 {[%emt 0:00:35]} h6 {[%emt 0:00:35]} 12. Kf1 {[%emt 0:03:38]} Bb7 {[%emt 0:01:14]} 13. Ne2 {[%emt 0:00:59]} Rc8 {[%emt 0:01:15]} 14. Nf4 {[%emt 0:01:32]} Nb4 {[%emt 0:02:26]} 15. Rxc8 {[%emt 0:00:56]} Qxc8 {[%emt 0:00:07]} 16. Bb1 {[%emt 0:00:02]} Qc4+ {[%emt 0:00:58]} 17. Kg1 {[%emt 0:00:09]} Nxa2 {[%emt 0:01:11]} 18. Nd2 {[%emt 0:01:54]} Qb4 {[%emt 0:00:47]} 19. Bxa2 {[%emt 0:02:14]} Qxb2 {[%emt 0:00:02]} 20. Bb1 {[%emt 0:00:54]} Bd6 {[%emt 0:00:03]} 21. Kh2 {[%emt 0:02:43]} Ke7 {[%emt 0:00:06]} 22. Nd3 {[%emt 0:00:22]} Qa3 {[%emt 0:00:02]} 23. Qb3 {[%emt 0:00:54]} Qa5 {[%emt 0:00:02]} 24. Nf3 {[%emt 0:00:51]} h5 {[%emt 0:00:41]} 25. Nc5 {[%emt 0:02:47]} Bc8 {[%emt 0:01:07]} 26. Ne5 {[%emt 0:00:09]} Qc7 {[%emt 0:00:23]} 27. Ncd3 {[%emt 0:00:10]} h4 {[%emt 0:00:06]} 28. Rc1 {[%emt 0:00:19]} hxg3+ {[%emt 0:00:08]} 29. Kxg3 {[%emt 0:00:02]} Qd8 {[%emt 0:01:36]} 30. Kf3 {[%emt 0:00:04]} Kf8 {[%emt 0:00:28]} 31. Qc2 {[%emt 0:01:43]} Bb7 {[%emt 0:00:11]} 32. Ke2 {[%emt 0:00:01]} g6 {[%emt 0:00:12]} 33. Nf4 {[%emt 0:00:13]} Kg7 {[%emt 0:01:51]} 34. Nexg6 {[%emt 0:00:18]} Rh2 {[%emt 0:00:02]} 35. Ne5 {[%emt 0:00:16]} a5 {[%emt 0:00:01]} 36. Nxe6+ {[%emt 0:00:13]} 1-0

[Event "World Prestigious University 2019"]
[Site "Tianjin"]
[Date "2019.11.29"]
[Round "10.4"]
[White "Daniel, Karim Abbas"]
[Black "Bibby, Simon"]
[Result "1-0"]
[WhiteElo "2251"]
[BlackElo "2167"]
[PlyCount "55"]
[EventDate "2019.11.26"]
[EventType "team-tourn"]
[EventCountry "CHN"]
[TimeControl "1500+10"]
[WhiteClock "0:06:54"]
[BlackClock "0:09:41"]

1. e4 {[%emt 0:00:00]} c5 {[%emt 0:00:00]} 2. Nf3 {[%emt 0:00:00]} Nc6 {[%emt 0:00:00]} 3. Bb5 {[%emt 0:00:01]} g6 {[%emt 0:00:00]} 4. Bxc6 {[%emt 0:00:02]} dxc6 {[%emt 0:00:00]} 5. d3 {[%emt 0:00:01]} Bg7 {[%emt 0:00:10]} 6. h3 {[%emt 0:00:01]} Nf6 {[%emt 0:00:11]} 7. Nc3 {[%emt 0:00:02]} Nd7 {[%emt 0:00:19]} 8. Be3 {[%emt 0:00:11]} e5 {[%emt 0:00:09]} 9. O-O {[%emt 0:00:17]} b6 {[%emt 0:01:13]} 10. Nh2 {[%emt 0:00:07]} Nf8 {[%emt 0:00:41]} 11. f4 {[%emt 0:00:02]} exf4 {[%emt 0:00:01]} 12. Rxf4 {[%emt 0:00:01]} Ne6 {[%emt 0:03:10]} 13. Rf2 {[%emt 0:01:28]} Nd4 {[%emt 0:00:26]} 14. Qd2 {[%emt 0:02:36]} Be6 {[%emt 0:00:39]} 15. a4 {[%emt 0:00:55]} Qd7 {[%emt 0:01:19]} 16. Raf1 {[%emt 0:00:58]} c4 {[%emt 0:01:09]} 17. Nf3 {[%emt 0:01:57]} Nxf3+ {[%emt 0:01:03]} 18. Rxf3 {[%emt 0:00:03]} cxd3 {[%emt 0:00:17]} 19. cxd3 {[%emt 0:00:06]} Rd8 {[%emt 0:00:40]} 20. Bg5 {[%emt 0:00:21]} Rc8 {[%emt 0:00:12]} 21. Bf6 {[%emt 0:02:42]} Bxf6 {[%emt 0:03:05]} 22. Rxf6 {[%emt 0:00:01]} Rd8 {[%emt 0:00:01]} 23. Qh6 {[%emt 0:01:08]} Ke7 {[%emt 0:02:52]} 24. Kh1 {[%emt 0:02:39]} Rdf8 {[%emt 0:02:26]} 25. Qg5 {[%emt 0:00:20]} Ke8 {[%emt 0:00:05]} 26. d4 {[%emt 0:03:49]} h6 {[%emt 0:00:17]} 27. Qe5 {[%emt 0:00:08]} Kd8 {[%emt 0:02:11]} 28. d5 {[%emt 0:00:03]} 1-0